Prospects for sustainable energy : A critical assessment

Đã lưu trong:
Bibliografiske detaljer
Hovedforfatter: Cassedy, Edward S.
Format: Bog
Sprog:Undetermined
Udgivet: Cambridge, UK Cambridge Univ. Press 2000
Fag:
Tags: Tilføj Tag
Ingen Tags, Vær først til at tagge denne postø!
Thư viện lưu trữ: Trung tâm Học liệu Trường Đại học Cần Thơ
LEADER 00585nam a2200205Ia 4500
001 CTU_61409
008 210402s9999 xx 000 0 und d
020 |b 1329000 
082 |a 333.794 
082 |b C344 
100 |a Cassedy, Edward S. 
245 0 |a Prospects for sustainable energy : 
245 2 |b A critical assessment 
245 0 |c Edward S. Cassedy 
260 |a Cambridge, UK 
260 |b Cambridge Univ. Press 
260 |c 2000 
650 |a Renewable energy resources,Energy policy 
904 |i Minh, Năm 
980 |a Trung tâm Học liệu Trường Đại học Cần Thơ